=LDR 00000nam 2200000 4500 =001 000205 =005 20250710102857 =035 ##$$a 0010-0725000005 =007 ta =008 250710################a##########0#ind## =020 ##$$a 978-623-307-454-4 =082 ##$$a 398.209 598 =084 ##$$a 398.209 598 MAL p =100 #$$a Mala =245 1#$$a Petualang Tuan Anand /$c Mala Kumar =250 ##$$a cetakan pertama =260 ##$$a Rawamangun :$b Badan Pengembangan dan Pembinaan Bahasa,$c 2022 =300 ##$$a 16 : $b ilus. ; $c 29 cm =650 #4$$a cerita anak indonesia-terjemahan =650 #4$$a literasi-bahan bacaan =700 #$$a Manisha